| 000 | 01083nam a22002537a 4500 | ||
|---|---|---|---|
| 005 | 20170123164157.0 | ||
| 010 | _aA-844192 | ||
| 020 | _c80.00 | ||
| 035 | _aA-844192 | ||
| 037 | _bCen Lib / Ret | ||
| 040 |
_aDPL _bPN |
||
| 082 |
_a260.35 _bਪਾਂਧੀਨ |
||
| 100 |
_aਪਾਂਧੀ ਨਨਕਾਣਵੀ _9141033 |
||
| 245 |
_aਗੁਰੁ ਗੋਵਿੰਦ ਦਰਸ਼ਨ / _bਪਾਂਧੀ ਨਨਕਾਣਵੀ |
||
| 246 |
_aGur govind darshan : a collection of religious / historical stories / _bby Pandhi Nankanvi |
||
| 260 |
_aਨਵੀਂ ਦਿੱਲੀ _bਨਾਤ ਕਲਾ ਪ੍ਰਕਾਸ਼ਨ _c1998 |
||
| 270 |
_aਜੇ -8/122, ਰਜੋਰੀ ਗਾਰਡਨ _bਨਵੀਂ ਦਿੱਲੀ _e110027 |
||
| 300 |
_a111p. _b23cm(Hb) |
||
| 650 |
_aPunjabi Religious _9141034 |
||
| 650 |
_aਪੰਜਾਬੀ ਧਾਰਮਿਕ _9141035 |
||
| 650 |
_aਪੰਜਾਬੀ -- ਇਤਿਹਾਸਕ ਕਹਾਣੀਆ _97272 |
||
| 650 |
_aPunjabi -- historical stories _9131683 |
||
| 942 |
_2ddc _cPN _h260.35 _mਪਾਂਧੀਨ |
||
| 999 |
_c110801 _d110801 |
||